[Event "China zt 3.5 2014"]
[Site "Zhongshan CHN"]
[Date "2014.11.04"]
[Round "10.8"]
[White "Wang, Jue"]
[Black "Liu, Guanchu"]
[Result "1-0"]
[WhiteTitle "WGM"]
[BlackTitle "IM"]
[WhiteElo "2353"]
[BlackElo "2409"]
[WhiteFideId "8604070"]
[BlackFideId "8603901"]
[EventDate "2014.10.26"]

1. e4 c5 2. Nf3 Nc6 3. d4 cxd4 4. Nxd4 Nf6 5. Nc3 d6 6. Bg5 e6 7. Qd2 a6 8.
O-O-O Bd7 9. f3 b5 10. Nxc6 Bxc6 11. Qe1 h6 12. Bh4 Be7 13. Kb1 Qc7 14. Bxf6
gxf6 15. Qg3 Bf8 16. Ne2 h5 17. Nd4 Bd7 18. f4 Rc8 19. Bd3 h4 20. Qh3 Qc5 21.
Nb3 Qb6 22. Rhe1 Rc7 23. Be2 Qf2 24. f5 Rg8 25. fxe6 fxe6 26. Bh5+ Ke7 27. Qd3
Kd8 28. Nd4 e5 29. Nf5 Bxf5 30. exf5 Qxg2 31. Re2 Qc6 32. Bf3 Qc5 33. Ree1 Rg5
34. Be4 Rcg7 35. Qd2 Qb6 36. Qd5 Rg1 37. Qa8+ Ke7 38. Bc6 Kf7 39. Bd5+ Ke7 40.
Bc6 Kf7 41. Qe8+ 1-0

[Event "China zt 3.5 2014"]
[Site "Zhongshan CHN"]
[Date "2014.11.04"]
[Round "10.9"]
[White "Zhang, Ziji"]
[Black "Yuan, Qingyu"]
[Result "1/2-1/2"]
[WhiteElo "2190"]
[BlackElo "2358"]
[WhiteFideId "8609470"]
[BlackFideId "8609772"]
[EventDate "2014.10.26"]

1. d4 Nf6 2. c4 e6 3. Nc3 Bb4 4. Qc2 O-O 5. a3 Bxc3+ 6. Qxc3 d6 7. Bg5 Nbd7 8.
e3 b6 9. Ne2 Bb7 10. Qc2 e5 11. Rd1 Qe7 12. d5 h6 13. Bxf6 Qxf6 14. Nc3 Qg5 15.
h4 Qe7 16. g4 Rae8 17. Bg2 1/2-1/2

[Event "China zt 3.5 2014"]
[Site "Zhongshan CHN"]
[Date "2014.11.04"]
[Round "10.10"]
[White "Wan, Yunguo"]
[Black "Li, Hanbin"]
[Result "1-0"]
[WhiteTitle "IM"]
[WhiteElo "2489"]
[BlackElo "2257"]
[WhiteFideId "8603189"]
[BlackFideId "8602670"]
[EventDate "2014.10.26"]

1. e4 c5 2. Nf3 Nc6 3. d4 cxd4 4. Nxd4 Nf6 5. Nc3 e5 6. Ndb5 d6 7. Bg5 a6 8. Na3
b5 9. Nd5 Be7 10. Bxf6 Bxf6 11. c4 O-O 12. cxb5 Nd4 13. bxa6 Bg5 14. h4 Bh6 15.
Nc2 Bg4 16. Qd3 Rc8 17. Nxd4 Qa5+ 18. Nc3 exd4 19. Qxd4 g6 20. Qa4 Qe5 21. Be2
Bxe2 22. Kxe2 d5 23. Kf1 dxe4 24. Qxe4 Qd6 25. g3 Qxa6+ 26. Kg2 Rfe8 27. Qf3 Bg7
28. Rhc1 Rb8 29. Rc2 Rec8 30. Rac1 Bxc3 31. bxc3 Rc4 32. Rd2 Rbc8 33. h5 gxh5
34. Qxh5 Qc6+ 35. Kg1 Rxc3 36. Qg5+ 1-0

[Event "China zt 3.5 2014"]
[Site "Zhongshan CHN"]
[Date "2014.11.04"]
[Round "10.11"]
[White "Fang, Yuxiang"]
[Black "Lin, Chen"]
[Result "0-1"]
[BlackTitle "IM"]
[WhiteElo "2325"]
[BlackElo "2463"]
[WhiteFideId "8605840"]
[BlackFideId "8602298"]
[EventDate "2014.10.26"]

1. d4 Nf6 2. Bg5 Ne4 3. Bf4 d5 4. e3 c6 5. Bd3 Bf5 6. f3 Qa5+ 7. c3 Nd6 8. Bxd6
Bxd3 9. Bxe7 Ba6 10. Bxf8 Rxf8 11. Ne2 Nd7 12. O-O Qb5 13. Rf2 Qxb2 14. Nc1 Qb6
15. Nd2 O-O-O 16. Qc2 f5 17. Rb1 Qa5 18. Nd3 Rde8 19. Nb3 Qa3 20. Re2 Re7 21.
Ree1 g6 22. Nbc5 Nxc5 23. Nxc5 Rfe8 24. Nxa6 Qxa6 25. Kf2 h5 26. Rbc1 Qa3 27. h4
Re6 28. g3 Qe7 29. Qd3 f4 30. gxf4 Qxh4+ 31. Kg2 Qe7 32. Kf2 h4 33. c4 dxc4 34.
Rxc4 h3 35. Kg3 h2 36. d5 Rh8 37. f5 Rxe3 38. Rxe3 h1=Q 39. Rxe7 Qh2+ 0-1

[Event "China zt 3.5 2014"]
[Site "Zhongshan CHN"]
[Date "2014.11.04"]
[Round "10.12"]
[White "Xu, Minghui"]
[Black "Wang, Chen"]
[Result "1/2-1/2"]
[BlackTitle "IM"]
[WhiteElo "2140"]
[BlackElo "2508"]
[WhiteFideId "8606790"]
[BlackFideId "8601020"]
[EventDate "2014.10.26"]

1. d4 Nf6 2. c4 e6 3. g3 d5 4. Bg2 g6 5. Nf3 Bg7 6. O-O O-O 7. Qc2 Nc6 8. Rd1 a5
9. Nc3 Qe7 10. Bg5 h6 11. Bxf6 Qxf6 12. cxd5 Nb4 13. Qc1 Qe7 14. dxe6 Bxe6 15.
a3 Nd5 16. Na4 Nf6 17. Nc5 Bd5 18. Ne5 Bxg2 19. Kxg2 b6 20. Ncd3 c5 21. dxc5 Ne4
22. Qe3 Nxc5 23. Nc4 Qxe3 24. Nxe3 Nb3 25. Rab1 Rac8 26. Nf4 b5 27. Rd5 Rb8 28.
Rd3 Nc5 29. Rd2 Nb3 30. Rd3 1/2-1/2

[Event "China zt 3.5 2014"]
[Site "Zhongshan CHN"]
[Date "2014.11.04"]
[Round "10.13"]
[White "Dai, Changren"]
[Black "Li, Di"]
[Result "1-0"]
[BlackTitle "FM"]
[WhiteElo "2283"]
[BlackElo "2189"]
[WhiteFideId "8608156"]
[BlackFideId "8607508"]
[EventDate "2014.10.26"]

1. e4 c5 2. Nf3 e6 3. d4 cxd4 4. Nxd4 Nc6 5. Nc3 Qc7 6. Be3 a6 7. Qd2 Nf6 8.
O-O-O Be7 9. f3 b5 10. Kb1 Ne5 11. g4 h6 12. Bf4 b4 13. Na4 g5 14. Bxe5 Qxe5 15.
Nb6 Rb8 16. Nxc8 Rxc8 17. Bxa6 Rb8 18. Bc4 O-O 19. h4 Rfc8 20. Bb3 Ne8 21. hxg5
hxg5 22. Qh2 Bf6 23. Qh7+ Kf8 24. f4 Qxf4 25. Bxe6 Nd6 26. Rhf1 Qe5 27. Rf5 Qxe4
28. Bd5 Qxg4 29. Qh6+ Kg8 30. Rh1 Rxc2 31. Qg6+ 1-0

[Event "China zt 3.5 2014"]
[Site "Zhongshan CHN"]
[Date "2014.11.04"]
[Round "10.14"]
[White "Xu, Xiangyu"]
[Black "Xu, Zhihang"]
[Result "0-1"]
[WhiteElo "2152"]
[BlackElo "2119"]
[WhiteFideId "8608288"]
[BlackFideId "8611572"]
[EventDate "2014.10.26"]

1. e4 c5 2. Nf3 g6 3. d4 cxd4 4. Nxd4 Nc6 5. Nxc6 bxc6 6. Qd4 Nf6 7. e5 Nd5 8.
c4 Qb6 9. Qxb6 Nxb6 10. Bf4 Na4 11. b3 Nc5 12. Nd2 Bg7 13. O-O-O Ne6 14. Bg3 a5
15. Ne4 c5 16. Nc3 Bb7 17. Nd5 Bc6 18. Be2 h5 19. h4 a4 20. Kb2 Rb8 21. Rd3 Rb7
22. Re1 Nd4 23. Bd1 axb3 24. axb3 Nf5 25. Bf3 O-O 26. Bf4 Rc8 27. g4 hxg4 28.
Bxg4 Bxd5 29. cxd5 c4 30. Rc1 d6 31. Bxf5 gxf5 32. Rg3 Kh7 33. Rcg1 Rxb3+ 34.
Rxb3 cxb3 35. Kxb3 dxe5 36. Bg5 f6 37. Bc1 Rc5 38. Rd1 Kg6 39. Ba3 Rc7 40. Bb4
Bh6 41. Ka4 Kf7 42. Kb5 e4 43. Bc5 Bf4 44. f3 e3 45. Re1 Bg3 46. Re2 f4 47. h5
Rc8 48. h6 Bf2 49. Kc4 Kg6 50. Kd4 Rc7 51. d6 exd6 52. Bxd6 Rd7 53. Kd5 Kxh6 54.
Ke6 Rxd6+ 55. Kxd6 Kg5 56. Ra2 Kh4 57. Kd5 Kg3 58. Ke4 f5+ 59. Kxf5 Kxf3 60. Ke5
Bg3 61. Ra3 Kf2 62. Ke4 e2 63. Ra2 Kf1 64. Ra1+ e1=Q+ 65. Rxe1+ Kxe1 0-1

[Event "China zt 3.5 2014"]
[Site "Zhongshan CHN"]
[Date "2014.11.04"]
[Round "10.15"]
[White "Zhao, Yuanhe"]
[Black "Fang, Yan"]
[Result "0-1"]
[WhiteElo "2091"]
[BlackElo "2267"]
[WhiteFideId "8609497"]
[BlackFideId "8604746"]
[EventDate "2014.10.26"]

1. d4 d6 2. Nf3 Bg4 3. g3 Nd7 4. Bg2 c6 5. c4 Ngf6 6. h3 Bh5 7. Nc3 e6 8. O-O
Be7 9. d5 cxd5 10. cxd5 e5 11. Be3 O-O 12. Qb3 Bxf3 13. Bxf3 Qb8 14. Rfc1 a6 15.
a4 Rc8 16. a5 Bd8 17. Qb4 b6 18. Na4 bxa5 19. Qxb8 Raxb8 20. Bg2 Rxc1+ 21. Rxc1
Kf8 22. Bd2 Nb6 23. Nxb6 Bxb6 24. Rc6 Ke7 25. Bc3 Nd7 26. Be4 Bd4 27. Bxd4 exd4
28. Rxa6 Nc5 29. Ra7+ Kf6 30. Bd3 a4 31. f4 Rxb2 32. g4 g5 33. fxg5+ Kxg5 34.
Bc4 Rb7 35. Ra8 Rb4 36. Bd3 Nxd3 37. exd3 Kf4 38. Ra6 Kg3 39. Kf1 Kf3 40. Kg1
Rb1+ 41. Kh2 Rb2+ 42. Kg1 Ke3 43. Rxa4 Kxd3 44. Kf1 Ke3 45. Ra7 Rb1+ 46. Kg2 d3
47. Ra3 Ke2 0-1

[Event "China zt 3.5 2014"]
[Site "Zhongshan CHN"]
[Date "2014.11.04"]
[Round "10.16"]
[White "Lan, Zilun"]
[Black "Bao, Qilin"]
[Result "1/2-1/2"]
[WhiteElo "2147"]
[BlackElo "2249"]
[WhiteFideId "8604193"]
[BlackFideId "8605750"]
[EventDate "2014.10.26"]

1. d4 Nf6 2. c4 c5 3. d5 e6 4. Nc3 exd5 5. cxd5 d6 6. e4 g6 7. Nf3 Bg7 8. Bd3
O-O 9. O-O Bg4 10. h3 Bxf3 11. Qxf3 a6 12. a4 Nbd7 13. Bf4 Ne5 14. Qe2 Nh5 15.
Bh2 Qh4 16. f4 Nxd3 17. Qxd3 Rae8 18. Rae1 Bd4+ 19. Kh1 Bf2 20. Rd1 Bd4 21. Rde1
Bf2 22. Rd1 Bd4 1/2-1/2

[Event "China zt 3.5 2014"]
[Site "Zhongshan CHN"]
[Date "2014.11.04"]
[Round "10.17"]
[White "Xiang, Zeyu"]
[Black "Zhang, Xiaopeng"]
[Result "1/2-1/2"]
[WhiteElo "2107"]
[BlackElo "2228"]
[WhiteFideId "8608547"]
[BlackFideId "8604037"]
[EventDate "2014.10.26"]

1. d4 d5 2. c4 e6 3. Nf3 Nf6 4. g3 Bd6 5. Bg2 c6 6. O-O b6 7. Nbd2 Nbd7 8. b3
Bb7 9. Bb2 O-O 10. Qc2 Qe7 11. e4 dxe4 12. Nxe4 Nxe4 13. Qxe4 Nf6 14. Qc2 Rfd8
15. Rfe1 Ba3 16. Rad1 Bxb2 17. Qxb2 c5 18. Qa3 Qd6 19. Qc1 Qc7 20. dxc5 Qxc5 21.
Rxd8+ Rxd8 22. Rd1 Rd6 23. Rxd6 Qxd6 24. Qd2 Qxd2 25. Nxd2 Bxg2 26. Kxg2 e5 27.
Kf3 Kf8 28. Ne4 Ne8 29. Nc3 Ke7 30. Ke3 Ke6 31. b4 f5 32. Nb5 a6 33. Nc3 Nf6 34.
f3 Kd6 35. Nb1 Ke6 36. Nd2 g6 37. Nb3 Kd6 38. a4 b5 39. axb5 axb5 40. cxb5 Nd5+
41. Kd3 Nxb4+ 42. Kc4 Nd5 43. Nd2 Nb6+ 44. Kb4 Nd5+ 45. Kc4 Nb6+ 46. Kb4 Kd5 47.
Ka5 Nd7 48. Kb4 e4 49. Kc3 Nb6 50. fxe4+ fxe4 51. Nf1 Kc5 52. Ne3 Na4+ 53. Kd2
Kxb5 54. Ng4 Kc5 55. Ke3 Nc3 56. h4 Kd6 57. Kd4 Ne2+ 58. Kxe4 Nxg3+ 59. Kf4 Ne2+
60. Kg5 Ke6 61. Kh6 Kf5 62. Ne3+ Kf4 63. Kxh7 Kxe3 64. Kxg6 1/2-1/2

[Event "China zt 3.5 2014"]
[Site "Zhongshan CHN"]
[Date "2014.11.04"]
[Round "10.18"]
[White "Chen, Qi b"]
[Black "Jia, Haoxiang"]
[Result "1/2-1/2"]
[BlackTitle "IM"]
[WhiteElo "1925"]
[BlackElo "2424"]
[WhiteFideId "8614733"]
[BlackFideId "8602999"]
[EventDate "2014.10.26"]

1. e4 c5 2. Nf3 e6 3. c3 Nf6 4. e5 Nd5 5. d4 cxd4 6. cxd4 b6 7. Nc3 Bb7 8. Bd3
Be7 9. Qe2 Nxc3 10. bxc3 d5 11. Bd2 Nc6 12. h4 h6 13. h5 Na5 14. Nh2 Nc4 15. Qg4
Kf8 16. f4 Ba6 17. Bxc4 Bxc4 18. f5 exf5 19. Qxf5 Bh4+ 20. Kd1 Qc8 21. Qxc8+
Rxc8 22. Ng4 Be7 23. Ne3 f6 24. Re1 Rc6 25. Nxc4 Rxc4 26. a4 Rc6 27. Rb1 Kf7 28.
exf6 Bxf6 29. a5 Rd8 30. axb6 Rxb6 31. Rxb6 axb6 32. Kc2 Rc8 33. Kb3 Rc4 34. Bf4
Rc6 35. g4 Rc8 36. Rb1 Ra8 37. Kc2 Bd8 38. Be5 Ra2+ 39. Rb2 Ra7 40. Rb1 Ra2+ 41.
Rb2 Ra1 42. Rb1 Rxb1 43. Kxb1 g6 44. hxg6+ Kxg6 45. Bf4 Bg5 46. Bc7 Bh4 47. Bf4
Bg5 48. Bc7 Bh4 1/2-1/2

[Event "China zt 3.5 2014"]
[Site "Zhongshan CHN"]
[Date "2014.11.04"]
[Round "10.19"]
[White "Yan, Xuesong"]
[Black "Wu, Xibin"]
[Result "0-1"]
[BlackTitle "IM"]
[WhiteElo "1900"]
[BlackElo "2278"]
[WhiteFideId "8609764"]
[BlackFideId "8600309"]
[EventDate "2014.10.26"]

1. e4 e6 2. d4 d5 3. Nc3 Nf6 4. e5 Nfd7 5. f4 c5 6. Nf3 Nc6 7. Be3 Be7 8. Qd2
O-O 9. g3 b6 10. Bh3 Kh8 11. Ne2 f6 12. O-O cxd4 13. Nexd4 Nxd4 14. Nxd4 Nc5 15.
Nc6 Qc7 16. Nxe7 Qxe7 17. exf6 Qxf6 18. Bd4 Qg6 19. Bxc5 bxc5 20. Rae1 Rb8 21.
b3 a5 22. Qxa5 Qxc2 23. Rc1 Qb2 24. Qxc5 Ba6 25. Qf2 Qa3 26. Rfe1 e5 27. Rcd1
exf4 28. gxf4 Qd6 29. f5 Rbe8 30. Qd4 Be2 31. Rd2 Bf3 32. Re6 Qc7 33. f6 Qc1+
34. Kf2 Bh5 35. Rxe8 Bxe8 36. Rd1 Qg5 37. Bg2 Rxf6+ 38. Kg1 h5 39. Qxd5 Qe3+ 40.
Kh1 Bg6 41. Qd2 Qc5 42. b4 Qc4 43. a4 Be4 44. Bxe4 Qxe4+ 45. Qg2 Rf3 46. Rg1 g5
47. Rd1 h4 48. Kg1 Kh7 49. Qd2 Rf5 50. Qd3 Qg4+ 51. Kh1 Kh6 52. Rg1 Qf4 53. b5
Rf6 54. a5 Rd6 55. Qh3 Qe5 56. Qf3 Rf6 57. Qa8 Rf2 58. Qc6+ Kh5 59. Rg2 h3 60.
Rxf2 Qe1+ 0-1

[Event "China zt 3.5 2014"]
[Site "Zhongshan CHN"]
[Date "2014.11.04"]
[Round "10.20"]
[White "Liu, Zhaoqi"]
[Black "Shen, Chenyi"]
[Result "0-1"]
[WhiteElo "2073"]
[BlackElo "2066"]
[WhiteFideId "8609381"]
[BlackFideId "8609071"]
[EventDate "2014.10.26"]

1. c4 Nf6 2. Nc3 e6 3. e4 c5 4. e5 Ng8 5. d4 cxd4 6. Qxd4 Nc6 7. Qe4 d6 8. Nf3
Qa5 9. Bd2 dxe5 10. O-O-O Nf6 11. Qe2 Qc7 12. Nb5 Qb8 13. Nc3 b6 14. Re1 Bc5 15.
g3 Bb7 16. Rg1 h6 17. Bg2 e4 18. Nxe4 Nxe4 19. Qxe4 Bxf2 20. Bf4 Qc8 21. Ne5
Nxe5 22. Qxb7 Qxb7 23. Bxb7 Nd3+ 24. Kd2 Rd8 25. Ke2 Bxe1 26. Bc6+ Ke7 27. Bc7
Rc8 0-1

[Event "China zt 3.5 2014"]
[Site "Zhongshan CHN"]
[Date "2014.11.04"]
[Round "10.21"]
[White "Peng, Hongchi"]
[Black "Nie, Xinyang"]
[Result "1/2-1/2"]
[WhiteElo "2144"]
[BlackElo "1911"]
[WhiteFideId "8609047"]
[BlackFideId "8607222"]
[EventDate "2014.10.26"]

1. e4 e6 2. Qe2 Be7 3. g3 d5 4. d3 Nf6 5. e5 Nfd7 6. Bg2 c5 7. f4 Nc6 8. Nf3 b6
9. O-O Bb7 10. c3 Qc7 11. Be3 Ba6 12. c4 dxc4 13. dxc4 Rd8 14. Nbd2 O-O 15. b3
f6 16. exf6 Bxf6 17. Rad1 e5 18. Ng5 Bxg5 19. fxg5 Bb7 20. Qh5 Nd4 21. Ne4 Bc6
22. g6 h6 23. Bg5 Bxe4 24. Bxe4 Nf6 25. Bxf6 Rxf6 26. Bd5+ Kf8 27. Rxf6+ gxf6
28. Qxh6+ Qg7 29. Qh5 Ke7 30. Qg4 Kf8 31. Rf1 Qh8 32. Qg5 Ke7 33. g7 fxg5 34.
gxh8=Q Rxh8 35. Rf7+ Kd6 36. Rxa7 Ne2+ 37. Kg2 Nc3 38. Rg7 Rh6 39. Ba8 e4 40.
Rg8 e3 41. Rd8+ Ke7 42. Rd3 e2 43. Re3+ Re6 44. Rxe6+ Kxe6 45. Kf2 Nxa2 46. Kxe2
Nc1+ 47. Ke3 Nxb3 48. Bb7 Kf5 49. Bd5 Nd4 50. Bb7 Ke5 51. Bc8 Nc6 52. h4 Ne7 53.
Bh3 gxh4 54. gxh4 Nc6 55. h5 Kf6 56. Bg4 Ne5 57. Be2 Kg5 58. Ke4 Nxc4 1/2-1/2

[Event "China zt 3.5 2014"]
[Site "Zhongshan CHN"]
[Date "2014.11.04"]
[Round "10.22"]
[White "Zhao, Zhouqiao CHN"]
[Black "Huang, Zhi"]
[Result "1-0"]
[WhiteTitle "FM"]
[WhiteElo "2228"]
[BlackElo "2107"]
[WhiteFideId "8608342"]
[BlackFideId "8608920"]
[EventDate "2014.10.26"]

1. d4 Nf6 2. c4 c5 3. Nf3 cxd4 4. Nxd4 g6 5. Nc3 Bg7 6. e4 O-O 7. Be3 d6 8. Be2
Nc6 9. Qd2 Bd7 10. O-O Nxd4 11. Bxd4 Bc6 12. f3 Nd7 13. Be3 a6 14. Rab1 Qc7 15.
Rfc1 Rfc8 16. Bf1 Qd8 17. b4 Ne5 18. b5 axb5 19. cxb5 Bd7 20. Nd5 Be6 21. Rxc8
Rxc8 22. Rc1 Rxc1 23. Qxc1 Bxd5 24. exd5 e6 25. Qd2 Qc8 26. dxe6 Qxe6 27. Bf2
Nc4 28. Qe2 d5 29. a4 Qxe2 30. Bxe2 Bc3 31. Bxc4 dxc4 32. Bb6 Bb4 33. Kf1 c3 34.
Ke2 c2 35. Be3 h5 36. Kd3 f6 37. Kxc2 g5 38. Kb3 Ba5 39. Kc4 Kf7 40. Kd5 Bc7 41.
h3 Kg6 42. Ke6 f5 43. Kd7 Ba5 44. b6 f4 45. Bg1 g4 46. hxg4 hxg4 47. fxg4 Kg5
48. Kc8 1-0

[Event "China zt 3.5 2014"]
[Site "Zhongshan CHN"]
[Date "2014.11.04"]
[Round "10.25"]
[White "Yang, Jie"]
[Black "Yang, Yanqing"]
[Result "1-0"]
[WhiteElo "2325"]
[BlackElo "1992"]
[WhiteFideId "8602336"]
[BlackFideId "8613575"]
[EventDate "2014.10.26"]

1. e4 c5 2. Nf3 d6 3. d4 cxd4 4. Nxd4 Nf6 5. Nc3 a6 6. Bg5 e6 7. f4 Qb6 8. Qd2
Qxb2 9. Nb3 Qa3 10. Bxf6 gxf6 11. Be2 h5 12. O-O Nd7 13. Kh1 h4 14. h3 b6 15. f5
Bb7 16. fxe6 fxe6 17. Bg4 f5 18. exf5 Ne5 19. fxe6 Nxg4 20. Qd4 Rg8 21. Nb1 Ne5
22. Rf2 Nc6 23. Qf6 Qb4 24. Qf7+ 1-0

[Event "China zt 3.5 2014"]
[Site "Zhongshan CHN"]
[Date "2014.11.04"]
[Round "10.26"]
[White "Zhou, Xiangheng"]
[Black "Wang, Jiaqi"]
[Result "0-1"]
[WhiteElo "1682"]
[BlackElo "1844"]
[WhiteFideId "8607907"]
[BlackFideId "8609128"]
[EventDate "2014.10.26"]

1. e4 c5 2. Nf3 d6 3. d4 cxd4 4. Nxd4 Nf6 5. Nc3 a6 6. Be2 e6 7. O-O Be7 8. f4
O-O 9. Be3 Nc6 10. Kh1 Qc7 11. a4 Re8 12. Qe1 Na5 13. Rd1 Nc4 14. Bc1 e5 15. Nf3
exf4 16. b3 Ne3 17. Bxe3 fxe3 18. Bc4 Ng4 19. Rd4 Be6 20. h3 Ne5 21. Nxe5 dxe5
22. Nd5 Qc6 23. Rd1 b5 24. axb5 axb5 25. Bd3 Bxd5 26. exd5 Qc5 27. Qg3 e4 28.
Be2 Bd6 29. Qg5 Re5 30. Qf4 Re7 31. Qg5 h6 32. Qg4 Ra2 33. c4 bxc4 34. bxc4 Re5 0-1

[Event "China zt 3.5 2014"]
[Site "Zhongshan CHN"]
[Date "2014.11.04"]
[Round "10.27"]
[White "Luanchen, Yuantai"]
[Black "Yu, Kaifeng"]
[Result "0-1"]
[BlackTitle "FM"]
[WhiteElo "1510"]
[BlackElo "2123"]
[WhiteFideId "8614644"]
[BlackFideId "8609667"]
[EventDate "2014.10.26"]

1. d4 Nf6 2. c4 e6 3. Nc3 Bb4 4. Qc2 O-O 5. Nf3 c5 6. e3 b6 7. Bd2 Bb7 8. Bd3 d6
9. a3 Bxc3 10. Bxc3 Nbd7 11. a4 a5 12. h4 Rc8 13. Qb1 h6 14. Ke2 cxd4 15. Bxd4
e5 0-1

[Event "China zt 3.5 2014"]
[Site "Zhongshan CHN"]
[Date "2014.11.05"]
[Round "11.2"]
[White "Zhao, Jun"]
[Black "Lei, Tingjie"]
[Result "1/2-1/2"]
[WhiteTitle "GM"]
[BlackTitle "WGM"]
[WhiteElo "2578"]
[BlackElo "2421"]
[WhiteFideId "8602522"]
[BlackFideId "8605114"]
[EventDate "2014.10.26"]

1. Nf3 c5 2. c4 Nf6 3. Nc3 g6 4. d4 cxd4 5. Nxd4 Nc6 6. e4 Nxd4 7. Qxd4 d6 8.
Bg5 Bg7 9. Qd2 O-O 10. f3 Be6 11. Rc1 a5 12. b3 Qb6 13. Be2 Rfc8 14. Na4 Qc7 15.
Be3 Nd7 16. O-O Nc5 17. Nc3 Qd8 18. Rfe1 Bd7 19. Bf1 Bc6 20. Rc2 Rab8 21. Rb1 e6
22. a3 Be5 23. b4 axb4 24. axb4 Na4 25. Nxa4 Bxa4 26. Rcc1 b5 27. Bd4 Bxd4+ 28.
Qxd4 bxc4 29. Rxc4 Rxc4 30. Bxc4 Bb5 31. Bxb5 Rxb5 32. h3 h5 33. Kh1 Qb8 34. Qc3
Rb6 35. Qc4 Rb5 36. Qc3 Rb6 37. Qc4 Rb5 38. Qc3 1/2-1/2

[Event "China zt 3.5 2014"]
[Site "Zhongshan CHN"]
[Date "2014.11.05"]
[Round "11.3"]
[White "Zhou, Jianchao"]
[Black "Xu, Yinglun"]
[Result "1/2-1/2"]
[WhiteTitle "GM"]
[WhiteElo "2580"]
[BlackElo "2410"]
[WhiteFideId "8603537"]
[BlackFideId "8604940"]
[EventDate "2014.10.26"]

1. c4 e6 2. Nc3 d5 3. d4 a6 4. cxd5 exd5 5. Bf4 Nf6 6. e3 Bd6 7. Bxd6 Qxd6 8.
Bd3 O-O 9. h3 b6 10. Nf3 c5 11. dxc5 bxc5 12. O-O Bb7 13. Re1 Nbd7 14. e4 d4 15.
Nb1 Rfe8 16. Nbd2 Qf4 17. g3 Qh6 18. e5 Nd5 19. Bf5 Rad8 20. Nc4 N5b6 21. Nfd2
Nxc4 22. Nxc4 Nxe5 23. Rxe5 Rxe5 24. Nxe5 Qf6 25. Qb3 Qxe5 26. Qxb7 Qxf5 27.
Qxa6 Qxh3 28. Qb6 Qc8 29. Rd1 d3 30. a4 c4 31. a5 Re8 32. a6 h5 33. a7 h4 34.
Qd4 hxg3 35. fxg3 Qc7 36. Kh2 Qa5 37. g4 Qa6 38. Kg3 Qa5 39. Rf1 Ra8 40. Qxc4
Qxa7 41. Qxd3 Qb8+ 42. Kh3 Qxb2 43. Qd5 Ra3+ 1/2-1/2

[Event "China zt 3.5 2014"]
[Site "Zhongshan CHN"]
[Date "2014.11.05"]
[Round "11.4"]
[White "Liu, Yan"]
[Black "Bu, Xiangzhi"]
[Result "1/2-1/2"]
[BlackTitle "GM"]
[WhiteElo "2364"]
[BlackElo "2710"]
[WhiteFideId "8608962"]
[BlackFideId "8601445"]
[EventDate "2014.10.26"]

1. d4 e6 2. c4 b6 3. Nf3 Bb7 4. e3 Nf6 5. Bd3 Be7 6. O-O O-O 7. Nc3 d5 8. Qe2
Nbd7 9. b3 Ne4 10. Bb2 f5 11. Rac1 a6 12. Ne5 Nxe5 13. dxe5 Bc5 14. Na4 f4 15.
Bxe4 dxe4 16. exf4 Rxf4 17. Nxc5 bxc5 18. Rcd1 Qe7 19. Qe3 Rf5 20. a3 h6 21. Bc3
Raf8 22. b4 Rg5 23. Kh1 Rh5 24. Bd2 cxb4 25. axb4 Rff5 26. g4 Qh4 27. gxh5 Rf3
28. Rg1 Rxe3 29. Bxe3 Bc6 30. Rg3 Qxh5 31. Rdg1 Qf7 32. Rxg7+ 1/2-1/2

[Event "China zt 3.5 2014"]
[Site "Zhongshan CHN"]
[Date "2014.11.05"]
[Round "11.5"]
[White "Gao, Rui"]
[Black "Wang, Jue"]
[Result "1-0"]
[WhiteTitle "GM"]
[BlackTitle "WGM"]
[WhiteElo "2523"]
[BlackElo "2353"]
[WhiteFideId "8602387"]
[BlackFideId "8604070"]
[EventDate "2014.10.26"]

1. e4 c5 2. Nf3 e6 3. d4 cxd4 4. Nxd4 Nc6 5. Nc3 a6 6. Be2 Qc7 7. O-O Nf6 8. Be3
Be7 9. f4 d6 10. Qe1 O-O 11. Qg3 Nxd4 12. Bxd4 b5 13. a3 Bb7 14. Kh1 Rad8 15.
Rae1 Rfe8 16. Bd3 Rd7 17. a4 b4 18. Na2 a5 19. c3 d5 20. Bxf6 Bxf6 21. e5 Be7
22. f5 Bf8 23. fxe6 fxe6 24. cxb4 axb4 25. Bb5 d4 26. Bxd7 Qxd7 27. Nc1 Rc8 28.
Nd3 Qxa4 29. Qf2 Qd7 30. Rc1 Rd8 31. Rc4 h6 32. Rfc1 Ba6 33. Rc7 Qe8 34. Qg3 Rd7
35. h3 Bb7 36. Kh2 Be7 37. Qg4 Bg5 38. Rxd7 Qxd7 39. Rc4 Be3 40. Rxb4 Qc6 41. b3
Kh7 42. Rc4 Qe4 43. Rc7 Qxg4 44. hxg4 Be4 45. Nc5 Bf4+ 46. g3 Bxe5 47. Rc8 Bf3
48. b4 Be2 49. Nxe6 Bxg4 50. Nf8+ Kg8 51. Nd7+ Kh7 52. Rd8 Bc7 53. Nf8+ Kg8 54.
Rxd4 Bf5 55. Nd7 Kf7 56. b5 Ke7 57. b6 Bxd7 58. bxc7 Ke6 59. g4 g6 60. Kg3 Ke7
61. Kf4 Ke6 62. Rd2 g5+ 63. Ke4 Bc6+ 64. Ke3 Bd7 65. Rd4 1-0

[Event "China zt 3.5 2014"]
[Site "Zhongshan CHN"]
[Date "2014.11.05"]
[Round "11.6"]
[White "Ju, Wenjun"]
[Black "Wan, Yunguo"]
[Result "1-0"]
[WhiteTitle "WGM"]
[BlackTitle "IM"]
[WhiteElo "2582"]
[BlackElo "2489"]
[WhiteFideId "8603006"]
[BlackFideId "8603189"]
[EventDate "2014.10.26"]

1. d4 e6 2. c4 b6 3. e4 Bb7 4. Bd3 Bb4+ 5. Bd2 Bxd2+ 6. Nxd2 d6 7. Ne2 Nd7 8.
O-O Ne7 9. f4 e5 10. fxe5 dxe5 11. d5 a5 12. Ng3 O-O 13. Bc2 Nc5 14. b3 Qd6 15.
a3 Nd7 16. Kh1 Ba6 17. Rf3 c6 18. Nf5 Nxf5 19. exf5 cxd5 20. Ne4 Qc7 21. cxd5
Rfc8 22. Rc1 Qd8 23. f6 g6 24. Qd2 Nc5 25. Ng5 e4 26. Nxe4 Bb7 27. Nc3 Nd7 28.
Qd4 Qe8 29. Re3 Qd8 30. Re7 Qc7 31. Bf5 1-0

[Event "China zt 3.5 2014"]
[Site "Zhongshan CHN"]
[Date "2014.11.05"]
[Round "11.7"]
[White "Lin, Chen"]
[Black "Xiu, Deshun"]
[Result "1/2-1/2"]
[WhiteTitle "IM"]
[BlackTitle "GM"]
[WhiteElo "2463"]
[BlackElo "2553"]
[WhiteFideId "8602298"]
[BlackFideId "8603693"]
[EventDate "2014.10.26"]

1. e4 c5 2. Nf3 d6 3. Bb5+ Bd7 4. Bxd7+ Qxd7 5. c4 Nf6 6. Nc3 g6 7. d4 cxd4 8.
Nxd4 Bg7 9. O-O O-O 10. f3 Rc8 11. b3 d5 12. exd5 Nxd5 13. Nxd5 e6 14. Bh6 exd5
15. Bxg7 Kxg7 16. cxd5 Qxd5 17. Ne2 Qc5+ 18. Qd4+ Qxd4+ 19. Nxd4 Nc6 20. Rad1
Nxd4 21. Rxd4 Rd8 22. Rfd1 Rxd4 23. Rxd4 Rc8 24. Rd7 Rc1+ 25. Kf2 Rc2+ 26. Kg3
Rxa2 27. Rxb7 a5 28. Ra7 Ra3 29. Kf4 h5 30. Ra6 Rxb3 31. Rxa5 1/2-1/2